000 00639nam a2200265Ia 4500
005 20260121173650.0
008 008 260114s9999 xx 000 0 eng d
020 _a9789401796705
037 _aEBOOK
040 _aCRL
040 _beng
040 _cCRL
041 _2eng
041 _aeng
084 _qCRL
100 _aRonald E. Anderson
_91103677
245 0 _aWorld Suffering and Quality of Life
260 _bSpringer
260 _bSpringer
260 _c2015
856 _uhttps://link.springer.com/openurl?genre=book&isbn=978-94-017-9670-5
942 _cEBOOK
999 _c1669425
_d1669425